| 000 | 004530000a22001810004500 | ||
|---|---|---|---|
| 003 | MACL | ||
| 005 | 20151227153810.0 | ||
| 008 | 151227b xxu||||| |||| 00| 0 eng d | ||
| 040 |
_aMACL _cMACL |
||
| 041 | _aEnglish | ||
| 082 | _a050/PED | ||
| 100 |
_aPedrick, Gale _923452 |
||
| 245 | _aThe World Radio and Television Annual | ||
| 260 | _bMarston & Company Ltd | ||
| 350 | _a10 | ||
| 650 |
_aGeneral Publication _923453 |
||
| 942 |
_cBK _k050/PED _2ddc |
||
| 999 |
_c34956 _d34956 |
||